000 00405nam a2200145Ia 4500
008 240729s9999 xx 000 0 und d
022 _a1840-2445
245 0 _aMedicinski Glasnik
260 _aBosnia and Herzegovina
260 _bMedical Association of Zenica-Doboj Canton
650 _aMedicine
856 _uhttps://doaj.org/toc/02c0886aba03462a98a29f9f7dd029d2
942 _2ddc
942 _cDOAJEJ
999 _c70924
_d70924
945 _a1
_bMadushi Gamage
_c1
_dMadushi Gamage